What I Saw In Bihar (Record no. 1359937)

MARC details
000 -LEADER
fixed length control field 00626nam a2200253Ia 4500
008 - FIXED-LENGTH DATA ELEMENTS--GENERAL INFORMATION
fixed length control field 160321s9999||||xx |||||||||||||| ||und||
040 ## - CATALOGING SOURCE
Transcribing agency English
082 ## - DEWEY DECIMAL CLASSIFICATION NUMBER
Classification number XI.A/ Hardas
082 ## - DEWEY DECIMAL CLASSIFICATION NUMBER
Item number BORI-26226
100 ## - MAIN ENTRY--PERSONAL NAME
Personal name Balshastri Hardas
245 ## - TITLE STATEMENT
Title What I Saw In Bihar
300 ## - PHYSICAL DESCRIPTION
Extent Vi+135
300 ## - PHYSICAL DESCRIPTION
Dimensions A
300 ## - PHYSICAL DESCRIPTION
Accompanying material Hardbound
530 ## - ADDITIONAL PHYSICAL FORM AVAILABLE NOTE
Uniform Resource Identifier <a href="00050864.pdf">00050864.pdf</a>
563 ## - BINDING INFORMATION
Binding note Study
600 ## - SUBJECT ADDED ENTRY--PERSONAL NAME
Personal name Balshastri Hardas
630 ## - SUBJECT ADDED ENTRY--UNIFORM TITLE
Uniform title What I Saw In Bihar
650 ## - SUBJECT ADDED ENTRY--TOPICAL TERM
Topical term or geographic name as entry element "Politics, History+ Historiography"
650 ## - SUBJECT ADDED ENTRY--TOPICAL TERM
Topical term or geographic name as entry element General Indology
700 ## - ADDED ENTRY--PERSONAL NAME
Personal name Balshastri Hardas
730 ## - ADDED ENTRY--UNIFORM TITLE
Uniform title What I Saw In Bihar
942 ## - ADDED ENTRY ELEMENTS (KOHA)
Koha item type Book

No items available.